书目信息 |
| 题名: |
文学革命与《新青年》传播
|
|
| 作者: | 陈斯华 著 | |
| 分册: | ||
| 出版信息: | 北京 中国社会科学出版社 2011.07 |
|
| 页数: | 249页 | |
| 开本: | 24cm | |
| 丛书名: | ||
| 单 册: | ||
| 中图分类: | G239.29 | |
| 科图分类: | ||
| 主题词: | 期刊--qi kan--研究--中国--民国 | |
| 电子资源: | ||
| ISBN: | 978-7-5004-9890-2 | |
| 000 | 00836nam0 2200241 450 | |
| 001 | 2375366153 | |
| 005 | 20231118205618.64 | |
| 010 | @a978-7-5004-9890-2@dCNY45.00@z7-5004-9890-X | |
| 100 | @a20111114d2011 em y0chiy50 ea | |
| 101 | 0 | @achi |
| 102 | @aCN@b110000 | |
| 105 | @aak a 000yy | |
| 200 | 1 | @a文学革命与《新青年》传播@Awen xue ge ming yu《xin qing nian》chuan bo@f陈斯华著 |
| 210 | @a北京@c中国社会科学出版社@d2011.07 | |
| 215 | @a249页@c图@d24cm | |
| 300 | @a阅读近代 读懂中国 | |
| 320 | @a有书目 (第242-247页) | |
| 330 | @a本书共分为六章, 内容包括: 文学革命的议题设置、文学革命的传播效果、文学作品的刊载及其舆论共鸣、《新青年》杂志的嬗变等。 | |
| 606 | 0 | @a期刊@Aqi kan@x研究@y中国@z民国 |
| 690 | @aG239.29@v4 | |
| 701 | 0 | @a陈斯华@Achen si hua@4著 |
| 801 | 0 | @aCN@bRENTIAN@c20111114 |
| 905 | @aBZT@dG239.29@e3 | |
| 文学革命与《新青年》传播/陈斯华著.-北京:中国社会科学出版社,2011.07 |
| 249页:图;24cm |
| 阅读近代 读懂中国 |
| ISBN 978-7-5004-9890-2:CNY45.00 |
| 本书共分为六章, 内容包括: 文学革命的议题设置、文学革命的传播效果、文学作品的刊载及其舆论共鸣、《新青年》杂志的嬗变等。 |
| ● |
| 相关链接 |
|
|
|
正题名:文学革命与《新青年》传播
索取号:G239.29/3
 
预约/预借
| 序号 | 登录号 | 条形码 | 馆藏地/架位号 | 状态 | 备注 |
| 1 | 2001064496 | 2001064496 | 东辅楼二楼书库/ [索取号:G239.29/3] | 在馆 | |
| 2 | 2001064497 | 2001064497 | 东辅楼二楼书库/ [索取号:G239.29/3] | 在馆 | |
| 3 | 2001064498 | 2001064498 | 东辅楼二楼书库/ [索取号:G239.29/3] | 在馆 | |
| 4 | 2001064499 | 2001064499 | 东辅楼二楼书库/ [索取号:G239.29/3] | 在馆 | |
| 5 | 2001064500 | 2001064500 | 东辅楼二楼书库/ [索取号:G239.29/3] | 在馆 | |
| 6 | 2001064501 | 2001064501 | 东辅楼二楼书库/ [索取号:G239.29/3] | 在馆 | |
| 7 | 2001064502 | 2001064502 | 东辅楼二楼书库/ [索取号:G239.29/3] | 在馆 | |
| 8 | 2001064503 | 2001064503 | 东辅楼二楼书库/ [索取号:G239.29/3] | 在馆 | |
| 9 | 2001064504 | 2001064504 | 东辅楼二楼书库/ [索取号:G239.29/3] | 在馆 | |
| 10 | 2001064505 | 2001064505 | 东辅楼二楼书库/ [索取号:G239.29/3] | 在馆 | |
| 11 | 2001064506 | 2001064506 | 东辅楼二楼书库/ [索取号:G239.29/3] | 在馆 | |
| 12 | 2001064507 | 2001064507 | 东辅楼二楼书库/ [索取号:G239.29/3] | 在馆 | |
| 13 | 2001064508 | 2001064508 | 东辅楼二楼书库/ [索取号:G239.29/3] | 在馆 | |
| 14 | 2001064509 | 2001064509 | 东辅楼二楼书库/ [索取号:G239.29/3] | 在馆 | |
| 15 | 2001064510 | 2001064510 | 东辅楼二楼书库/ [索取号:G239.29/3] | 在馆 | |
| 16 | 2001064511 | 2001064511 | 东辅楼二楼书库/ [索取号:G239.29/3] | 在馆 | |
| 17 | 2001064512 | 2001064512 | 东辅楼二楼书库/ [索取号:G239.29/3] | 在馆 | |
| 18 | 2001064513 | 2001064513 | 东辅楼二楼书库/ [索取号:G239.29/3] | 在馆 | |
| 19 | 2001064514 | 2001064514 | 东辅楼二楼书库/ [索取号:G239.29/3] | 在馆 | |
| 20 | 2001064515 | 2001064515 | 东辅楼二楼书库/ [索取号:G239.29/3] | 在馆 | |
| 21 | 2001064516 | 2001064516 | 东辅楼二楼书库/ [索取号:G239.29/3] | 在馆 | |
| 22 | 2001064517 | 2001064517 | 东辅楼二楼书库/ [索取号:G239.29/3] | 在馆 | |
| 23 | 2001064518 | 2001064518 | 东辅楼二楼书库/ [索取号:G239.29/3] | 在馆 | |
| 24 | 2001064519 | 2001064519 | 东辅楼二楼书库/ [索取号:G239.29/3] | 在馆 | |
| 25 | 2001064520 | 2001064520 | 东辅楼二楼书库/ [索取号:G239.29/3] | 在馆 | |
| 26 | 2001064521 | 2001064521 | 东辅楼二楼书库/ [索取号:G239.29/3] | 在馆 | |
| 27 | 2001064522 | 2001064522 | 东辅楼二楼书库/ [索取号:G239.29/3] | 在馆 | |
| 28 | 2001064523 | 2001064523 | 东辅楼二楼书库/ [索取号:G239.29/3] | 在馆 | |
| 29 | 2001064524 | 2001064524 | 东辅楼二楼书库/ [索取号:G239.29/3] | 在馆 | |
| 30 | 2001064525 | 2001064525 | 东辅楼二楼书库/ [索取号:G239.29/3] | 在馆 |